| 000 | 01080nam a2200289 a 4500 | ||
|---|---|---|---|
| 003 | EG-GiCUC | ||
| 008 | 061019s2002 ua g 000 0 ara d | ||
| 020 | _a977090939 | ||
| 040 |
_aEG-GiCUC _bara _cEG-GiCUC |
||
| 041 | 1 |
_aara _heng |
|
| 092 | 0 | 4 |
_a613 _bS5714 _221 |
| 099 |
_a04 _a613 S5714 |
||
| 100 | 1 | _aسيجيل : بيرنى س. | |
| 245 | 1 | 2 |
_aالسلام والحب والشفاء / _cتأليف بيرنى سيجيل ؛ ترجمة عزت شعلان |
| 250 | _aط1 | ||
| 260 |
_aالقاهرة : _bدار الشروق _c2002 |
||
| 300 |
_a327ص ؛ _c24سم |
||
| 500 | _aعلى الغلاف : بيرنى سيجل | ||
| 504 | _aيشتمل على ارجاعات ببليوجرافية (ص309-324) | ||
| 546 | _aترجم عن الاصل : Peace , love & healing : bodymind communication and the path to self-healing : an exploration / Bernie S.Siegel | ||
| 650 | 7 |
_aالصة العامة _2qrmak |
|
| 700 | 1 | _aشعلان : عزت : مترجم | |
| 902 | _a2 | ||
| 905 |
_aابراهيم _eمدخل |
||
| 905 |
_aايمان ع _eمراجع |
||
| 942 |
_2ddc _cBK |
||
| 999 |
_c87715 _d87715 |
||